000 00615nam a2200193Ia 4500
005 20250326140556.0
008 250326s9999 xx 000 0 und d
020 _a0-8342-1166-1
037 _aTextbook
040 _aFMSL
_beng
_cFMSL
041 _aeng
_2eng
084 _aL:4og(X:8)'P N8
_qFMSL
100 _aCouch James B
_9742610
245 0 _aHealth care professional's guide to disease management: Patient -centered care for the 21st century
_cCouch James B
260 _aMary
_bMary, land ASPEN
_c1998
300 _axviii,345
942 _cTB
_hL:4og(X:8)'P N8
999 _c1286385
_d1286385